Pukanský spravodaj

Bibliographic Details
New Title:Pukanské noviny
Other Authors: Bahnová, Jana (Publishing director)
Format: Journal
Language:Slovak
PhysicalDescription:8 zv. 30 cm
Published: Pukanec Obecný úrad v Pukanci [1993]-2000
Pukanec Obec Pukanec
ISSN:1339-1836
Subjects:

MARC

LEADER 00000cas a2200000 a 4500
001 vtls011570953
003 SK-MaSNL
005 20260228162346.0
008 160803d19932000xo br|p 0 b0slo
040 |a SNK  |b slo  |c SNK  |e AACR2 
041 0 |a slo 
043 |a e-xo--- 
044 |a xo  |c SK 
072 7 |a 352/354  |x Stupne miestnej, oblastnej a ústrednej správy  |2 konspekt 
072 7 |a 394  |x Verejný a spoločenský život. Každodenný život  |2 konspekt 
080 |a 050  |2 2011 
080 |a 353.9  |2 2011 
080 |a 394  |2 2011 
245 0 0 |a Pukanský spravodaj 
246 1 |i Názov v tiráži:  |a Spravodaj obecného zastupiteľstva v Pukanci  |f [1993]-12/1998 
260 |a Pukanec  |b Obecný úrad v Pukanci  |c [1993]-2000 
260 3 |3 1999-2000  |a Pukanec  |b Obec Pukanec 
300 |a 8 zv.  |c 30 cm 
310 |a 6x ročne  |b 1999-2000 
321 |a 1x mesačne  |b 1993-1998 
362 0 |a [1993]-roč. VIII, č. 6 (2000) 
500 |a Šéfredaktorka: 1999-2000, Jana Bahnová 
500 |a Popis podľa: Roč. V, č. 6-7 (1997) 
650 0 7 |a územná samospráva  |2 SNKPH  |9 802 
650 0 7 |a každodenný život  |2 SNKPH  |9 4946 
651 7 |a Pukanec (Slovensko)  |2 SNKPH  |9 196060 
655 7 |a miestne periodiká  |2 SNKPH  |9 160938 
700 1 |a Bahnová, Jana  |4 pbd  |9 270862 
785 0 0 |t Pukanské noviny  |x 1339-1836  |w vtls008153624 
910 |a snk 
958 |a OND 
999 |c 7693  |d 9623 
952 |0 0  |1 0  |4 0  |7 0  |8 0  |a SNK  |b SNK  |d 2016-08-04  |i snk2016/18577  |l 0  |o snkČSB 6197/5/1997  |p 17A1202313  |r 2026-02-21 21:54:43  |t č. 1-12, neúplné  |w 2026-02-21  |y PREZ  |z Chýba č. 1-5 
952 |0 0  |1 0  |4 0  |7 0  |8 0  |a SNK  |b SNK  |d 2016-08-04  |i snk2016/18578  |l 0  |o snkČSB 6197/6/1998  |p 17A1202312  |r 2026-02-21 21:54:44  |t č. 1-12, neúplné  |w 2026-02-21  |y PREZ  |z Chýba č. 3-10 
952 |0 0  |1 0  |4 0  |7 0  |8 0  |a SNK  |b SNK  |d 2016-08-04  |i snk2016/18580  |l 0  |o snkČSB 6197/7/1999  |p 17A1202311  |r 2026-02-21 21:54:44  |t č. 1-6  |w 2026-02-21  |y PREZ 
952 |0 0  |1 0  |4 0  |7 0  |8 0  |a SNK  |b SNK  |d 2016-08-04  |i snk2016/18582  |l 0  |o snkČSB 6197/8/2000  |p 17A1202310  |r 2026-02-21 21:54:44  |t č. 1-6  |w 2026-02-21  |y PREZ